| 000 | 00000nam##2200000za#4500 |
| 001 | 9.572585 |
| 003 | CaOODSP |
| 005 | 20220111083114 |
| 007 | cr ||||||||||| |
| 008 | 150406|1999||||xxc|||||o f|0| 0 eng|d |
| 022 | |a1928-6414 |
| 040 | |aCaOODSP|beng |
| 043 | |an-cn--- |
| 086 | 1 |aNE22-1/1999-2E-PDF |
| 110 | 1 |aCanada. |bNational Energy Board. |
| 245 | 10|aReasons for decision in the matter of Vector Pipeline Limited Partnership : |h[electronic resource]|bapplication dated 6 July 1998 for the Vector Pipeline project |
| 246 | 1 |iVariant title : |aVector Pipeline Limited Partnership |
| 260 | |aCalgary - Alberta : |bNational Energy Board |cMarch 1999. |
| 300 | |a48p.|bmaps, tables |
| 490 | 1 |aReasons for decision|x1928-6414|vGH-5-98 |
| 500 | |aIncorrect catalogue number (NE22-1/1999-14E) and ISBN (0-662-27597-7) copied in this electronic publication. |
| 590 | |a12-09-Supp|b2012-03-21 |
| 775 | 08|tMotifs de décision relativement à Vector Pipeline Limited Partnership : |w(CaOODSP)9.602924 |
| 776 | 0#|tVector Pipeline Limited partnership : |w(CaOODSP)9.614743 |
| 830 | #0|aReasons for decision (Canada. National Energy Board)|x1928-6414|vGH-5-98|w(CaOODSP)9.504480 |
| 856 | 40|ahttp://publications.gc.ca|qPDF|s175 KB|uhttps://publications.gc.ca/collections/Collection/NE22-1-1999-2E.pdf|yGH-5-98 |